000 00341nam a2200133Ia 4500
008 230818s1994 xx 000 0 und d
041 _aeng
100 _aRichard .
245 _aMarketing In Hospitality and Tourism
260 _bCassell
_c1994
300 _a312p
520 _aHard Board | Reference Copy
999 _c854045
_d854045
650 _aMarketing Management